Statistics for The British Royal Family - Modern Times

Click here to take the quiz!

General Stats

  • This quiz has been taken 19,568 times
  • The average score is 15 of 20

Answer Stats

QuestionAnswer% Correct
What palace is the monarch's official London residence?Buckingham Palace
96%
Who did Prince Harry marry in 2018?Meghan Markle
96%
What is the first name of King Charles's wife?Camilla
88%
What dynasty does the current royal family belong to?Windsor
87%
What dangerous country was Prince Harry deployed to while serving in the military?Afghanistan
85%
What breed of dog did Queen Elizabeth II famously own?Pembroke Welsh Corgi
84%
What type of jubilee did Queen Elizabeth II celebrate in 2012?{Diamond} Jubilee
82%
What title was held by King Charles for a record 64 years?Prince of {Wales}
80%
What did King Edward VIII do in 1936 in order to marry Wallis Simpson?Abdicate
77%
What is the name of Kate Middleton's sister?Philippa
77%
What was Princess Diana's maiden name?Spencer
75%
What 2010 movie was about George VI's efforts to overcome a stammer?The King's Speech
75%
What country was Prince Philip born in?Greece
74%
In what building did Queen Elizabeth's coronation take place?Westminster Abbey
74%
What was the first name of the mother of Queen Elizabeth II?Elizabeth
73%
In what event did Princess Anne compete at the 1976 Summer Olympics?Eventing (Equestrian)
64%
In what city would you find the Palace of Holyroodhouse?Edinburgh
57%
Queen Elizabeth might have given her initials as ER. What does the R stand for?Regina
57%
What is Prince Andrew's title?Duke of York
55%
What was the first name of George VI before he ascended to the throne?Albert
48%

Score Distribution

Percentile by Number Answered

Percent of People with Each Score

Your Score History

You have not taken this quiz